Complexity in regulation (Registro nro. 25952)

Detalles MARC
000 -LEADER
fixed length control field 00319 a2200109 4500
001 - CONTROL NUMBER
control field ART_11927
005 - DATE AND TIME OF LATEST TRANSACTION
control field 20260410161901.0
008 - FIXED-LENGTH DATA ELEMENTS--GENERAL INFORMATION
fixed length control field 260409a
100 1# - MAIN ENTRY--PERSONAL NAME
Personal name Quandt, Richard E.
245 10 - TITLE STATEMENT
Title Complexity in regulation
773 0# - HOST ITEM ENTRY
Title Journal of public economics
Related parts - Vol. 22, Nº 2 (nov. 1983)
Record control number REV11485

No hay ítems disponibles.